Andi 2: educación infantil 2§ ciclo

Zapisane w:
Opis bibliograficzny
Główni autorzy: Iglesias Iglesias, Rosa María (Autor), Camino Montalvo, Socorro (Autor), Juanas Gonzalo, Luisa de (Autor), Serrano Paúl, Pilar (Autor), Lalana Josa, Fernando (Autor)
Format: Książka
Język:hiszpański
Wydane: Madrid Bruño 1994
Hasła przedmiotowe:
Etykiety: Dodaj etykietę
Nie ma etykietki, Dołącz pierwszą etykiete!

MARC

LEADER 00000nam a2200000 a 4500
001 UCN0026
003 CL-VaPUC
008 010316e19940000SP |||||||||||||||||spa|d
082 0 4 |a 372.21  |b IGL  |2 21 
100 |a Iglesias Iglesias, Rosa María  |e author  |9 529236 
700 0 |a Camino Montalvo, Socorro  |e author  |9 455241 
700 0 |a Juanas Gonzalo, Luisa de  |e author  |9 455242 
700 0 |a Serrano Paúl, Pilar  |e author  |9 455243 
700 |a Lalana Josa, Fernando  |e author  |9 478016 
245 1 0 |a Andi 2: educación infantil 2§ ciclo 
246 1 0 |a Libro de recursos: material de apoyo para la labor docente 
300 |a 281 p 
942 |c BK 
945 |d 20010316 00:00:00  |a cmena 
260 |a Madrid  |b Bruño  |c 1994 
500 |a Complementa con Andi 2, educación infantil y cassette de canciones infantiles 
650 0 |a Educación básica   |9 224933 
650 0 |a Métodos de enseñanza  |9 270413 
650 0 |a Educación preescolar  |9 260381 
650 0 |a Jardines infantiles  |9 307427 
583 |a last modification  |c 20010316 00:00:00  |k Rodrigo Vera 
999 |c 294003  |d 294001 
952 |0 0  |1 0  |4 0  |6 372_210000000000000_IGL_1994  |7 0  |8 P  |9 345842  |a BIBEDU  |b BIBEDU  |d 2019-11-20  |i 3699331  |o 372.21 IGL 1994  |p 3699331  |r 2019-11-20  |w 2019-11-20  |y BK  |k EPE